000 00546nam a22001817a 4500
999 _c14624
_d14624
003 AR-CdUCM
008 190424b ||||| |||| 00| 0 spa d
040 _aMUNICIPALIDAD PROVINCIAL DEL CUSCO
_cBIBLIOTECA MUNICIPAL DEL CUSCO
082 _a336.36 /
_bF36
110 _aEstatutos
_933479
245 _aFartac :
_bliberación nacional por tierra y el socialismo /
260 _aCusco :
_bCBC,
300 _a23 pƔginas ;
_c16 cm.
650 _aFartac.
_933480
650 _asocialismo.
_94183
942 _2ddc
_cFOLLETOS
945 _awfj
_d2019-04-24